| 000 | 00784nam a22002177a 4500 | ||
|---|---|---|---|
| 003 | BD-DhJNU | ||
| 005 | 20260122042258.0 | ||
| 008 | 260111b |||||||| |||| 00| 0 eng d | ||
| 040 |
_aBD-DhJNU _bENG _cBD-DhJNU _dBD-DhJNU |
||
| 082 |
_223 _a370.1 SUS |
||
| 100 | _aরায়, সুশীল | ||
| 242 |
_aTeaching and Learning Contexts / _bSushil Roy |
||
| 245 |
_aশিক্ষণ ও শিক্ষা-প্রসঙ্গ / _cসুশীল রায় |
||
| 246 | _aShikhn o shikha prosongo | ||
| 250 | _a8th ed. | ||
| 260 |
_aকলকাতা : _bসোমা বুক এজেন্সী, _c2012. |
||
| 300 |
_a৬৯০ পৃ. : _bচিত্র ; _c২১ সেমি.। |
||
| 650 | _aশিক্ষা | ||
| 650 | _aEducation | ||
| 942 |
_2ddc _cBK _n0 |
||
| 999 |
_c2496 _d2496 |
||